| 000 -CABECERA |
| Longitud fija campo de control |
00669nam a2200229 a 4500 |
| 001 - NÚMERO DE CONTROL |
| Número de control |
3089 |
| 003 - IDENTIFICADOR DEL NÚMERO DE CONTROL |
| Identificador del número de control |
CDMR |
| 005 - FECHA Y HORA DE LA ÚLTIMA TRANSACCIÓN |
| Fecha y hora de la última transacción |
20131029170338.0 |
| 008 - CÓDIGOS DE INFORMACIÓN DE LONGITUD FIJA |
| Códigos de información de longitud fija |
130130s1978||||||||||||||||||||||||||||d |
| 040 ## - FUENTE DE LA CATALOGACIÓN |
| Centro catalogador de origen |
CDMR |
| Lengua de catalogación |
cat |
| Centro transcriptor |
CDMR |
| 100 1# - PUNTO DE ACCESO PRINCIPAL-NOMBRE DE PERSONA |
| Nombre de persona |
Rio Reynaga, Julio del |
| 9 (RLIN) |
2255 |
| 245 10 - MENCIÓN DE TÍTULO |
| Título |
Periodismo interpretativo |
| Resto del título |
: el reportaje |
| Mención de responsabilidad, etc. |
Julio del Río Reynaga |
| 246 ## - VARIANTES DE TÍTULO |
| Título propio / Título en breve |
Géneros periodísticos interpretativos |
| Resto de título |
: el reportaje |
| 250 ## - MENCIÓN DE EDICIÓN |
| Mención de edición |
2a ed. |
| 260 ## - PUBLICACIÓN, DISTRIBUCIÓN, ETC. (PIE DE IMPRENTA) |
| Lugar de publicación, distribución, etc. |
Quito |
| Fecha de publicación, distribución, etc. |
1978 |
| Nombre del editor, distribuidor, etc. |
Epoca |
| 300 ## - DESCRIPCIÓN FÍSICA |
| Extensión |
347 p. |
| 490 0# - MENCIÓN DE SERIE |
| Mención de serie |
Intiyan |
| Designación de volumen o secuencia |
9 |
| 650 04 - PUNTO DE ACCESO ADICIONAL DE MATERIA - TÉRMINO DE MATERIA |
| 9 (RLIN) |
3352 |
| Término de materia o nombre geográfico como elemento inicial |
Reportatges |
| 650 04 - PUNTO DE ACCESO ADICIONAL DE MATERIA - TÉRMINO DE MATERIA |
| 9 (RLIN) |
3564 |
| Término de materia o nombre geográfico como elemento inicial |
Periodisme |
| Subdivisión de materia general |
Fonts d'informació |
| 650 04 - PUNTO DE ACCESO ADICIONAL DE MATERIA - TÉRMINO DE MATERIA |
| 9 (RLIN) |
3136 |
| Término de materia o nombre geográfico como elemento inicial |
Gestió de la informació |
| 942 ## - ENTRADA DE ELEMENTOS AGREGADOS (KOHA) |
| Koha [por defecto] tipo de item |
Monografies |
| Fuente de clasificaión o esquema |
|